| 000 | 00775nam a2200253 a 4500 | ||
|---|---|---|---|
| 001 | 2300511 | ||
| 003 | GBCCL | ||
| 005 | 20241126110346.0 | ||
| 008 | 810724s1981 tnua b 000 0 eng | ||
| 010 | _a 80067781 | ||
| 020 | _a0805425403 (pbk.) | ||
| 040 |
_aDLC _cDLC _dDLC |
||
| 050 | 0 | 0 |
_aBV652.9 _b.M37 |
| 082 | 0 | 0 |
_a253 _219 _bMCS |
| 100 | 1 |
_aMcSwain, Larry L. _91180 |
|
| 245 | 1 | 0 |
_aConflict ministry in the church / _cLarry L. McSwain and William C. Treadwell, Jr. |
| 260 |
_aNashville, Tenn. : _bBroadman Press, _cc1981. |
||
| 300 |
_a202 p. : _bill. ; _c21 cm. |
||
| 504 | _aBibliography: p. 197-202. | ||
| 650 | 0 |
_aChurch controversies. _9128 |
|
| 700 | 1 |
_aTreadwell, William C. _91181 |
|
| 906 |
_a7 _bcbc _corignew _d2 _eopcn _f19 _gy-gencatlg |
||
| 942 |
_2ddc _cBK _05 |
||
| 999 |
_c809 _d809 |
||